00630nam a2200169 a 4500008004100000050001400041100001600055245002600071246003100097260004200128300001700170350000900187700002100196995009600217999001700313952013000330120416s1968 ||||||||||||||||| || u aT 396 Cla aRockwell, E10aExhibitions, exhibits aindustrial and trade fairs aLondonbThe Architectural Pressc1968 a208p. : ill. a0.00 aClasen, Wolfgang D0.00FCBU-MAIN LIBRARY (Kitwe)H1I26.00M1UAVAILABLEZMain Library Open Access Collection c42857d42857 00102lcc4070a001b001cMain Library Open Access Collectiond2022-11-30l0oT 396 Clap013754r2022-11-30w2022-11-30y002